[Event "65th ch-MNE 2013"]
[Site "Cetinje SRB"]
[Date "2013.07.20"]
[Round "1.4"]
[White "Drasko,M"]
[Black "Prijovic,B"]
[Result "1-0"]
[WhiteElo "2458"]
[BlackElo "2034"]

1.Nf3 d5 2.g3 Nf6 3.Bg2 g6 4.d4 Bg7 5.O-O O-O 6.c4 c6 7.b3 Nbd7 8.Bb2 Re8
9.e3 e6 10.Nc3 b6 11.Nd2 Bb7 12.Rc1 Rc8 13.Qc2 Ba8 14.Rfd1 Qe7 15.Qb1 Red8
16.a4 Qe8 17.a5 Rb8 18.Qa1 b5 19.cxb5 cxb5 20.Na2 Rbc8 21.Nb4 Nb8 22.Nf3 Nfd7
23.Ne1 Bf8 24.Ned3 Be7 25.a6 Rxc1 26.Rxc1 Rc8 27.Qa5 Rxc1+ 28.Bxc1 Nb6 29.Bd2 Bd8
30.Qa1 Be7 31.Bf1 Qc8 32.Qa5 Bc6 33.Nxc6 Qxc6 34.Nb4 Na8 35.Nxc6  1-0

[Event "15th TCh-Eur Senior"]
[Site "Dresden GER"]
[Date "2013.07.20"]
[Round "1"]
[White "Sorensen,B"]
[Black "Johansson,P"]
[Result "1-0"]
[WhiteElo "2256"]
[BlackElo "2007"]

1.Nf3 d5 2.g3 Nf6 3.Bg2 Bf5 4.d3 e6 5.O-O h6 6.Nbd2 Be7 7.b3 O-O 8.Bb2 c6
9.Qe1 Bh7 10.e4 a5 11.a3 Nbd7 12.Kh1 a4 13.b4 c5 14.exd5 Nxd5 15.bxc5 Bxc5
16.d4 Be7 17.c4 N5b6 18.Qe3 Bf6 19.Rac1 Re8 20.Ne4 Bxe4 21.Qxe4 Nc8 22.Rfd1 Nd6
23.Qe2 Qa5 24.Ne5 Nf8 25.c5 Qb5 26.Qxb5 Nxb5 27.Bxb7 Rab8 28.Bf3 Nc7 29.Bc3 Rb3
30.Bc6 Rd8 31.Bb4 Nd5 32.Bxa4 Rb2 33.Rc2 Rxc2 34.Bxc2 Rb8 35.Nc6 Rb7 36.Be4 Rc7
37.Na5 Nd7 38.Nc4 Nb8 39.Bxd5 exd5 40.Nd6  1-0

[Event "ch-AUT 2013"]
[Site "Feldkirch AUT"]
[Date "2013.07.20"]
[Round "1.6"]
[White "Gstach,Jakob"]
[Black "Froewis,G"]
[Result "1/2-1/2"]
[WhiteElo "2140"]
[BlackElo "2423"]

1.Nf3 d5 2.g3 c6 3.Bg2 Nf6 4.c4 dxc4 5.O-O Nbd7 6.Na3 Nb6 7.Qc2 Be6 8.Ng5 Bg4
9.Nxc4 Bxe2 10.Ne5 Bh5 11.Re1 h6 12.Ne4 e6 13.Nxf6+ gxf6 14.Nxc6 bxc6 15.Bxc6+ Nd7
16.Qf5 Bg6 17.Rxe6+ Be7 18.Qxf6 Rg8 19.Re1 Kf8 20.Qf4 Rc8 21.Qxh6+ Rg7 22.Qh8+ Rg8
23.Qh6+ Rg7 24.Qh8+ Rg8  1/2-1/2

[Event "36th Taminco Open"]
[Site "Ghent BEL"]
[Date "2013.07.20"]
[Round "1.17"]
[White "Cabezas Ayala,I"]
[Black "Poelman,G"]
[Result "1-0"]
[WhiteElo "2316"]
[BlackElo "1876"]

1.Nf3 d5 2.g3 c5 3.Bg2 Nc6 4.O-O e5 5.d3 h6 6.e4 dxe4 7.dxe4 Qxd1 8.Rxd1 Bg4
9.c3 Nf6 10.Re1 c4 11.Nbd2 Be6 12.Bf1 Bc5 13.h3 g5 14.Nxc4 g4 15.Nfxe5 Nxe5
16.Nxe5 gxh3 17.Be3 Nxe4 18.Bxc5 Nxc5 19.b4 Na6 20.Ng6 Rg8 21.Nf4 Nc7 22.Bxh3 Ke7
23.Re3 Rae8 24.Bxe6 fxe6 25.Kg2 Kf7 26.Rh1 Kg7 27.Rh5 Re7 28.Ra5 a6 29.Rae5 Kf7
30.Rd3 Rg5 31.Re1 e5 32.Nd5 Rd7 33.Rf3+ Ke6 34.Rf6+ Kxd5 35.Rd1+ Kc4 36.Rxd7 Nd5
37.Rxh6 Nxc3 38.Rxb7 Nxa2 39.Rxa6 Nc3 40.Rc6+ Kd4 41.Rd7+ Nd5 42.Rcd6 e4
43.b5  1-0

[Event "7th LCT 2013"]
[Site "Leiden NED"]
[Date "2013.07.20"]
[Round "8.2"]
[White "Zaragatski,I"]
[Black "Prohaszka,P2"]
[Result "1/2-1/2"]
[WhiteElo "2494"]
[BlackElo "2554"]

1.Nf3 d5 2.g3 Bg4 3.Bg2 c6 4.c4 e6 5.O-O Nf6 6.cxd5 Bxf3 7.Bxf3 cxd5 8.Nc3 Nc6
9.d3 Be7 10.Bf4 O-O 11.Qa4 Nd7 12.Rfc1 Rc8 13.Bg2 a6 14.Rab1 Bf6 15.Bd2  1/2-1/2

[Event "Lueneburg GM 2013"]
[Site "Lueneburg GER"]
[Date "2013.07.20"]
[Round "6.3"]
[White "Gutman,L"]
[Black "Colpe,M"]
[Result "1-0"]
[WhiteElo "2455"]
[BlackElo "2311"]

1.Nf3 d5 2.g3 c6 3.Bg2 Bg4 4.O-O Nf6 5.Ne5 Bf5 6.c4 e6 7.d3 Bd6 8.Nf3 O-O
9.Nc3 Bg4 10.cxd5 exd5 11.e4 Nbd7 12.exd5 cxd5 13.d4 Nb6 14.Qb3 Ne4 15.a4 Nxc3
16.bxc3 Qd7 17.Ba3 Bxf3 18.Bxf3 Bxa3 19.Rxa3 Nc4 20.Ra2 b6 21.Re1 Rfe8 22.Rae2 Rxe2
23.Rxe2 Rd8 24.Qb4 a5 25.Qb3 g6 26.Kg2 Kg7 27.Qc2 b5 28.axb5 Qxb5 29.Re7 Rd7
30.Re8 a4 31.Ra8 Nb6 32.Rb8 Re7 33.Qc1 h6 34.c4 Qxc4 35.Qa3 Re6 36.Qf8+ Kf6
37.Rb7 Qxd4 38.Qh8+  1-0

[Event "Minsk Open 2013"]
[Site "Minsk BLR"]
[Date "2013.07.20"]
[Round "8.6"]
[White "Gabuzyan,H"]
[Black "Romanko,M"]
[Result "1-0"]
[WhiteElo "2535"]
[BlackElo "2368"]

1.Nf3 d5 2.g3 Bg4 3.Bg2 Nd7 4.c4 e6 5.cxd5 exd5 6.O-O Ngf6 7.Nc3 c6 8.d3 Bc5
9.Qb3 Nb6 10.h3 Bxf3 11.Bxf3 Qc7 12.Kg2 O-O 13.e4 dxe4 14.dxe4 Nfd7 15.Bf4 Ne5
16.a4 Rfe8 17.a5 Nbd7 18.Rfd1 Rab8 19.Bg4 Nf6 20.Bxe5 Rxe5  1-0

[Event "6th Paleochora Open"]
[Site "Paleochora GRE"]
[Date "2013.07.20"]
[Round "2.18"]
[White "Polzin,R"]
[Black "Stoumbou,E"]
[Result "1-0"]
[WhiteElo "2446"]
[BlackElo "1899"]

1.g3 d5 2.Nf3 Nc6 3.c4 Nf6 4.d4 Bg4 5.Bg2 e6 6.O-O Be7 7.Ne5 O-O 8.Nxg4 Nxg4
9.e4 Nf6 10.e5 Ne8 11.cxd5 exd5 12.Nc3 Nb4 13.a3 Na6 14.Nxd5 c6 15.Nc3 Nec7
16.b4 Ne6 17.d5 cxd5 18.Nxd5  1-0

[Event "Czech Open A 2013"]
[Site "Pardubice CZE"]
[Date "2013.07.20"]
[Round "2.9"]
[White "Gonda,L"]
[Black "Mazur,Ste"]
[Result "1/2-1/2"]
[WhiteElo "2538"]
[BlackElo "2409"]

1.Nf3 d5 2.g3 c6 3.c4 Nf6 4.Bg2 Bf5 5.cxd5 cxd5 6.Qb3 Nc6 7.Nc3 e5 8.d3 Qd7
9.Bg5 d4 10.Bxf6 gxf6 11.Ne4 Bxe4 12.dxe4 Bb4+ 13.Kf1 Qe6 14.Qd3 O-O 15.h4 Ne7
16.Bh3 Qc6 17.Kg2 f5 18.Nxe5 Qxe4+ 19.Qxe4 fxe4 20.Nd7 Rfd8 21.Rhd1 Nc6 22.Rac1 Be7
23.Bf5 a5 24.Nb6 Ra6 25.Na4 Rd5 26.Bxe4 Re5 27.Bxc6 Rxc6 28.Rxc6 bxc6 29.Kf1 c5
30.b3 f5 31.Nb2 Re6 32.Rc1 Rc6 33.Nd3 Kg7 34.Rc4 Kf6 35.Ra4 Ra6 36.Ke1 Ke6
37.Kd2 Kd5 38.Nf4+ Kc6 39.Rc4 Bd6 40.Nd3 Kd5 41.Ra4 Ra8 42.e3 Bc7 43.exd4 cxd4
44.Nb4+ Ke4 45.Ke2 Re8 46.Nc2 Bb6 47.Rc4 h5 48.a4 f4 49.gxf4 Kd5+ 50.Kd3 Rf8
51.Nxd4  1/2-1/2

[Event "Czech Open A 2013"]
[Site "Pardubice CZE"]
[Date "2013.07.20"]
[Round "2.4"]
[White "Sundararajan,K"]
[Black "Vorobiov,E"]
[Result "1/2-1/2"]
[WhiteElo "2435"]
[BlackElo "2585"]

1.g3 d5 2.Nf3 g6 3.Bg2 Bg7 4.c4 c6 5.cxd5 cxd5 6.d4 Nf6 7.O-O O-O 8.Nc3 Ne4
9.Ne5 Bf5 10.Qb3 Nc6 11.Nxc6 bxc6 12.Nxe4 Bxe4 13.Be3 Rb8 14.Qc3 Bxg2 15.Kxg2 Qb6
16.Rab1 Qa6 17.Rfe1 Rfc8 18.b4 Qxa2 19.Ra1 Qc4 20.Qxc4 dxc4 21.Rxa7 Rxb4  1/2-1/2

[Event "17th Battle of Senta"]
[Site "Senta SRB"]
[Date "2013.07.20"]
[Round "9.6"]
[White "Lazic,Mir"]
[Black "Cica,Dr"]
[Result "1-0"]
[WhiteElo "2467"]
[BlackElo "2063"]

1.g3 d5 2.Nf3 Bg4 3.Bg2 e6 4.O-O Bd6 5.d3 Nf6 6.Nbd2 c6 7.h3 Bh5 8.e4 e5
9.exd5 cxd5 10.g4 Bg6 11.Nxe5 Bxe5 12.Re1 O-O 13.Rxe5 Nc6 14.Re1 Qc7 15.Nf3 d4
16.a3 h5 17.Nh4 Qd7 18.g5 Nd5 19.Qf3 Rad8 20.Bd2 Qd6 21.Re2 b5 22.Qg3 Qc5
23.Rae1 Nde7 24.Bb4  1-0

[Event "28th Avoine Open"]
[Site "Avoine FRA"]
[Date "2013.07.21"]
[Round "2.34"]
[White "Vidal,L"]
[Black "Bonnaud,R"]
[Result "0-1"]
[WhiteElo "2081"]
[BlackElo "2197"]

1.Nf3 d5 2.g3 c6 3.Bg2 Nf6 4.O-O Bf5 5.b3 e6 6.Bb2 Be7 7.c4 O-O 8.d3 a5 9.a3 Nbd7
10.Nbd2 Qb6 11.Qc2 Rfd8 12.Bc3 Qa6 13.Qb2 c5 14.d4 h6 15.b4 cxb4 16.axb4 a4
17.b5 a3 18.bxa6 axb2 19.Bxb2 bxa6 20.c5 Rdb8 21.Bc3 Ne4 22.Nxe4 Bxe4 23.Nd2 Bxg2
24.Kxg2 Bf6 25.f4 Nxc5 26.Ra3 Nd7 27.Rfa1 Rc8 28.Nf3 Rc6 29.R1a2 Rb8 30.Be1 Rbb6
31.g4 g6 32.h4 h5 33.Bf2 hxg4 34.Nh2 Be7 35.Ra4 f5 36.e4 Nf6 37.e5 Nh5 38.Bg3 Rb3
39.Nf1 Rcc3 40.Rxa6 Nxg3 41.Ra7 Nxf1 42.Rxe7 Ne3+ 43.Kg3 Nd1+ 44.Kg2 Rg3+
45.Kh1 Rh3+ 46.Rh2 Nf2+ 47.Kg2 Rxh2+ 48.Kxh2 Rb6 49.Re8+ Kg7 50.Re7+ Kh6
51.Re8 Ne4 52.h5 gxh5 53.Rh8+ Kg6 54.Rg8+ Kf7 55.Rh8 Kg7 56.Re8 h4 57.Re7+ Kf8
58.Rh7 h3 59.Rh8+ Ke7 60.Rh7+ Kd8  0-1

[Event "15th TCh-Eur Senior"]
[Site "Dresden GER"]
[Date "2013.07.21"]
[Round "2"]
[White "Ost Hansen,J"]
[Black "Lehmann,KH1"]
[Result "1/2-1/2"]
[WhiteElo "2386"]
[BlackElo "2114"]

1.g3 d5 2.Nf3 Nf6 3.Bg2 g6 4.c4 c6 5.Qa4 dxc4 6.Qxc4 Bg7 7.d3 Qd5 8.Qc2 O-O
9.Nc3 Qd8 10.O-O Nbd7 11.a3 e5 12.b4 Qe7 13.Bb2 Re8 14.Rfd1 Nb6 15.h3 Bf5
16.e4 Bc8 17.Ne2 Nfd7 18.Bc3 Nf8 19.a4 Bd7 20.Qb2 a6 21.Nc1 c5 22.Qb3 Qe6
23.bxc5 Nxa4 24.Bb4 Rac8 25.Qa3 Qc6 26.Nb3 Qe6 27.d4 exd4 28.Nfxd4 Qc6  1/2-1/2

[Event "15th TCh-Eur Senior"]
[Site "Dresden GER"]
[Date "2013.07.21"]
[Round "2"]
[White "Jorgensen,J"]
[Black "Faibisovich,V"]
[Result "1/2-1/2"]
[WhiteElo "2242"]
[BlackElo "2348"]

1.Nf3 d5 2.g3 Bg4 3.Bg2 Nd7 4.c4 e6 5.d4 c6 6.Nbd2 Ngf6 7.O-O Bd6 8.b3 Qe7
9.Bb2 O-O 10.Re1 Rad8 11.h3 Bh5 12.cxd5 exd5 13.Nh4 Qe6 14.Qc2 Bg6 15.Nxg6 fxg6
16.e4 dxe4 17.Nxe4 Nxe4 18.Rxe4 Qf7 19.Qc4 Nb6 20.Qxf7+ Kxf7 21.Bc3 Nd5 22.Ba5 Rde8
23.Rxe8 Rxe8 24.Kf1 g5 25.Rd1 Re6  1/2-1/2

[Event "15th TCh-Eur Senior"]
[Site "Dresden GER"]
[Date "2013.07.21"]
[Round "2"]
[White "Striebich,R"]
[Black "Myall,Ivan J"]
[Result "1/2-1/2"]
[WhiteElo "2190"]
[BlackElo "2087"]

1.g3 d5 2.Nf3 Bg4 3.Bg2 c6 4.d3 Nf6 5.Nbd2 Nbd7 6.O-O e5 7.h3 Bh5 8.e4 Bxf3
9.Qxf3 d4 10.Qe2 Be7 11.f4 Qc7 12.Nc4 b5 13.Nxe5 Nxe5 14.fxe5 Qxe5 15.Bf4 Qe6
16.Qf2 Rd8 17.g4 O-O 18.a4 b4 19.b3 Nd7 20.Qg3 g5 21.Bd2 Bd6 22.Qf2 f6 23.Qf5 Qxf5
24.Rxf5 Ne5  1/2-1/2

[Event "15th TCh-Eur Senior"]
[Site "Dresden GER"]
[Date "2013.07.21"]
[Round "2"]
[White "Dahl,Ivar M"]
[Black "Peltola,L"]
[Result "0-1"]
[WhiteElo "2209"]
[BlackElo "2006"]

1.Nf3 d5 2.g3 Nf6 3.Bg2 c5 4.O-O Nc6 5.d4 e6 6.c4 dxc4 7.Qa4 Bd7 8.Qxc4 Na5
9.Qd3 c4 10.Qc2 Rc8 11.Ne5 b5 12.Nc3 Be7 13.Ne4 Nc6 14.Nxd7 Qxd7 15.Nxf6+ Bxf6
16.Bxc6 Qxc6 17.Rd1 O-O 18.Be3 a6 19.Rac1 b4 20.f3 Rfd8 21.Kg2 e5 22.dxe5 Rxd1
23.Rxd1 Bxe5 24.Bd4 Bxd4 25.Rxd4 a5 26.Kf2 g6 27.e3 c3 28.Rd3 cxb2 29.Qxb2 Qc2+
30.Rd2 Qxb2 31.Rxb2 Rc3 32.Ke2 Kg7 33.Kd2 Ra3 34.h4 Kf6 35.Rc2 Ke6 36.Ke2 Ke5
37.Kd2 h5 38.Ke2 Kd5 39.Kd2 a4 40.Rb2 Kc4 41.Rc2+ Kb5 42.Rb2 Rc3 43.Ke2 b3
44.axb3 a3 45.Rd2 Kb4 46.Rd7 Kxb3 47.Kd2 Rc4 48.Rb7+ Rb4 49.Rxb4+ Kxb4 50.Kc2 Kc4
51.g4 a2 52.Kb2 Kd3 53.gxh5 gxh5 54.e4 Ke3 55.e5 Kxf3 56.Kxa2 Kf4  0-1

[Event "Horsens Lang Weekend 2013"]
[Site "Horsens DEN"]
[Date "2013.07.21"]
[Round "7.2"]
[White "Pedersen,Pet2"]
[Black "Korley,K"]
[Result "1/2-1/2"]
[WhiteElo "2168"]
[BlackElo "2258"]

1.Nf3 d5 2.g3 Nf6 3.Bg2 c5 4.O-O Nc6 5.d3 e6 6.Nbd2 Be7 7.e4 O-O 8.Re1 Qc7
9.b3 dxe4 10.dxe4 e5 11.c3 a6 12.Nf1 Rd8 13.Qc2 h6 14.Ne3 Be6 15.Bb2 b5 16.Rad1 c4
17.bxc4 bxc4 18.Nd2 Na5 19.Ndf1 Nb7 20.Nd5 Nxd5 21.exd5 Bg4 22.Rb1 Nd6 23.Ba3 Bh5
24.Ne3 Bg6 25.Bxd6 Bxd6 26.Be4 Bxe4 27.Qxe4 Rac8 28.Nf5 g6 29.Nxd6 Qxd6 30.Qxe5 Qxd5
31.Qxd5 Rxd5 32.Rb7 Rd3 33.Ree7 Rf8 34.Ra7 Rxc3 35.Rxa6 h5 36.h4 Kg7 37.Raa7 Kf6
38.Rec7 Ke5 39.a4 f5 40.Ra5+ Ke4 41.Rac5 Kd4 42.a5 f4 43.gxf4 Rxf4 44.a6 Kd3
45.a7 Rg4+ 46.Kh2 Rxh4+ 47.Kg2 Rg4+ 48.Kh2 Ra3 49.Rd5+ Rd4 50.Rb5 Rh4+ 51.Kg2 Rg4+
52.Kh2 c3 53.Rb3  1/2-1/2

[Event "Maccabiah GM2 2013"]
[Site "Jerusalem ISR"]
[Date "2013.07.21"]
[Round "1.2"]
[White "Novik,Ma"]
[Black "Boruchovsky,A"]
[Result "1/2-1/2"]
[WhiteElo "2451"]
[BlackElo "2441"]

1.Nf3 d5 2.g3 Bg4 3.Bg2 Nd7 4.O-O e6 5.c4 c6 6.cxd5 exd5 7.d3 Bd6 8.e4 Ne7
9.h3 Bh5 10.Nc3 O-O 11.Qc2 Nc5 12.Ne2 Ne6 13.Be3 f5 14.Nfd4 Nxd4 15.Nxd4 Qd7
16.f4 dxe4 17.dxe4 fxe4 18.Qxe4 Rae8 19.Bf2 Nf5 20.Qd3 Bg6 21.Nxf5 Bxf5 22.Qd4 Bxh3
23.Rfe1 Bb8 24.Bxh3 Qxh3 25.Qc4+ Kh8 26.Rxe8 Rxe8 27.Qf7 Qe6 28.Qxe6 Rxe6
29.Rd1 Rd6 30.Re1 Rd8 31.Re7 h5 32.Rxb7 h4 33.gxh4 Bxf4 34.Rxa7 Be5 35.b3 Rd2
36.a4 Kh7 37.Re7 Bf6 38.Re4 Ra2 39.Bb6 Kg6 40.a5 Ra3 41.Ra4 Rxb3 42.Kf1 Be5
43.Ke2 Bb8 44.Bd4 Rb7 45.a6 Re7+ 46.Kf3 Rf7+ 47.Ke3 Re7+ 48.Kd3 Rd7 49.Kc3 Kh5
50.Bf2 Ba7 51.Bg3 Rd5 52.Re4 Ra5 53.Re5+ Rxe5 54.Bxe5 g5 55.hxg5 Kxg5 56.Bd4 Bb8
57.Kc4 Kf5 58.Kc5 Ba7+ 59.Kc4 Bb8  1/2-1/2

[Event "Lueneburg Open 2013"]
[Site "Lueneburg GER"]
[Date "2013.07.21"]
[Round "7.1"]
[White "Ivanov,MM"]
[Black "Rausis,I"]
[Result "1/2-1/2"]
[WhiteElo "2392"]
[BlackElo "2545"]

1.Nf3 d5 2.g3 Nf6 3.Bg2 e6 4.O-O Be7 5.c4 O-O 6.d4 c6 7.Nc3 Nbd7 8.Nd2 b5
9.cxb5 cxb5 10.Nxb5 Qb6 11.Nc3 Qxd4 12.Nb3 Qc4 13.Bf4 Bb7 14.Na5 Qa6 15.Nxb7 Qxb7
16.Rb1 Rfd8 17.Qa4 Rac8 18.Rfc1  1/2-1/2

[Event "Minsk Open 2013"]
[Site "Minsk BLR"]
[Date "2013.07.21"]
[Round "9.17"]
[White "Vorontsov,P"]
[Black "Martirosyan,Haik M."]
[Result "1-0"]
[WhiteElo "2313"]
[BlackElo "2100"]

1.Nf3 d5 2.g3 Nf6 3.Bg2 c6 4.O-O g6 5.d3 Bg7 6.Nbd2 O-O 7.e4 dxe4 8.dxe4 Qc7
9.Qe2 e5 10.b3 Re8 11.Bb2 b6 12.Rfd1 Ba6 13.Qe1 Nbd7 14.Bf1 Bxf1 15.Qxf1 Rad8
16.b4 h6 17.Qe2 Nh7 18.a4 Nhf8 19.Nc4 Ne6 20.Rac1 Re7 21.Rd3 Rb8 22.Rcd1 c5
23.Ne3 Qb7 24.Nd5 Ree8 25.c3 cxb4 26.cxb4 Rbc8 27.Qd2 Kh7 28.h4 a5 29.h5 g5
30.Nh2 Nd4 31.Qe3 axb4 32.Ng4 f5 33.Nxe5 Nc2 34.Qf3 Bxe5 35.Qxf5+ Kh8 36.Ne7 Nd4
37.Rxd4 Rf8 38.Ng6+ Kg8 39.Qe6+ Rf7 40.Qxf7+ Kxf7 41.Rxd7+  1-0

[Event "Quebec Open Invitational 2013"]
[Site "Montreal CAN"]
[Date "2013.07.21"]
[Round "2.15"]
[White "Adithya,B"]
[Black "Arencibia Rodriguez,W"]
[Result "0-1"]
[WhiteElo "2301"]
[BlackElo "2526"]

1.g3 d5 2.Nf3 Nc6 3.Bg2 e5 4.O-O Nf6 5.c4 dxc4 6.Qa4 Bd6 7.Na3 O-O 8.Nxc4 e4
9.Ng5 b5 10.Qxb5 Nd4 11.Qa5 Nxe2+ 12.Kh1 Rb8 13.Qxa7 Bf5 14.Re1 Ra8 15.Qe3 Nxc1
16.Nxd6 Nd3 17.Ndxe4 Nxe1 18.Rxe1 Nxe4 19.Nxe4 Rxa2 20.Qc3 Qb8 21.b3 Qb6
22.Ng5 Bg6 23.Kg1 Rc2 24.Qe3 Qb4 25.Nf3 Rb2 26.Qe5 Rxb3 27.Qxc7 Bh5 28.Ng5 Qxd2
29.Qe7 Rb2 30.Rf1 h6 31.Ne4 Qd4 32.h3 Be2 33.Re1 Bb5 34.Qd6 Rd8 35.Qf4 Qb4
36.Rc1 Rb1 37.Kh2 Bd3 38.Rd1 Rd4 39.Qg4 Rxe4 40.Qc8+ Qf8 41.Qxf8+ Kxf8 42.Rxd3 Re2
43.Rf3 g5 44.Rf5 Ke7 45.Bd5 f6 46.Kg2 Re5 47.Rxe5+ fxe5 48.Kf3 Kd6 49.Be4 Re1
50.Bg6 Kd5 51.Bh5 Kd4 52.Kg2 Kd3 53.Bg6+ Kd2 54.Kf3 Rf1 55.Ke4 Rxf2 56.Kxe5 Rf3
57.h4 Rxg3 58.h5 Rf3  0-1

[Event "Biel MTO 2013"]
[Site "Biel SUI"]
[Date "2013.07.22"]
[Round "1.1"]
[White "Grachev,B"]
[Black "Minko,V"]
[Result "1/2-1/2"]
[WhiteElo "2683"]
[BlackElo "2312"]

1.Nf3 d5 2.g3 c5 3.Bg2 Nf6 4.O-O Nc6 5.d4 Bg4 6.dxc5 e6 7.c4 Bxc5 8.cxd5 Qxd5
9.Qa4 O-O 10.h3 Bh5 11.Nc3 Qd8 12.Bg5 Qa5 13.Rac1 Rac8 14.Qxa5 Nxa5 15.Rfd1 Nc4
16.Bxf6 gxf6 17.Ne4 Bxf3 18.Bxf3 Nxb2 19.Rd2 Na4 20.Rdc2 b6 21.Nxf6+ Kg7
22.Nd7 Rfd8 23.Ne5 Kf6 24.Nd3 Rd4 25.Kg2 Rcd8 26.Rc4 Rxc4 27.Rxc4 Rd4 28.Rc2 Bd6
29.Bc6 Nc5 30.Bb5 h6 31.h4 Nxd3 32.Bxd3 Bc5 33.Bc4 Rd1 34.Bd3 Ke7 35.g4 Kf6
36.Rc4 Rd2 37.a4 Rb2 38.f4 Rb4 39.g5+ Kg7 40.Kf3 Rxc4 41.Bxc4 Ba3 42.h5 Bc1
43.g6 e5 44.gxf7 exf4 45.Ke4 Be3  1/2-1/2

[Event "DSK GM Open 2013"]
[Site "Cape Town RSA"]
[Date "2013.07.22"]
[Round "3.6"]
[White "Solomons,D"]
[Black "Kobese,W"]
[Result "1/2-1/2"]
[WhiteElo "2179"]
[BlackElo "2343"]

1.Nf3 d5 2.g3 Nc6 3.Bg2 e5 4.d3 Nf6 5.c3 a5 6.O-O h6 7.Qc2 Be6 8.e4 dxe4
9.dxe4 Bc5 10.Nh4 g6 11.Nd2 a4 12.Ndf3 Qb8 13.Bd2 Qa7 14.c4 Qa6 15.Rac1 Bd4
16.Ne1 a3 17.b4 Qa4 18.Nd3 Bb2 19.Qb1 b6 20.Bf3 Bxc1 21.Rxc1 Nd7 22.Bd1 Qa7
23.Nf3 f6 24.Be3 Qb7 25.Bb3 Bg4 26.Nd2 Be2 27.c5 b5 28.Bd5 Qa6 29.Rc3 Ke7
30.Nc1 Bg4 31.Qb3 Rad8 32.f3  1/2-1/2

[Event "15th TCh-Eur Senior"]
[Site "Dresden GER"]
[Date "2013.07.22"]
[Round "3"]
[White "Roos,H"]
[Black "Fritsch,J"]
[Result "0-1"]
[WhiteElo "2022"]
[BlackElo "1958"]

1.Nf3 d5 2.g3 Bf5 3.Bg2 e6 4.O-O Nf6 5.d3 c6 6.Nbd2 Nbd7 7.b3 Bc5 8.h3 O-O
9.Bb2 Qc7 10.Kh1 Rfe8 11.Nh4 Rad8 12.e4 dxe4 13.dxe4 Bg6 14.Qe2 e5 15.a4 a6
16.Rad1 b5 17.axb5 axb5 18.Ra1 Ra8 19.Rfd1 Rxa1 20.Rxa1 Qb6 21.Rf1 Bd4 22.c3 Bc5
23.b4 Bd6 24.Nxg6 hxg6 25.Nb3 Qc7 26.Rc1 Nb6 27.Nd2 Qe7 28.Bf1 Na4 29.Ba1 Rb8
30.Rb1 c5 31.bxc5 Nxc5 32.f3 Qa7 33.Qd1 Qa4 34.Qc1 Nh5 35.Kg2 f5 36.exf5 gxf5
37.Rb4 Qa8 38.Bxb5 e4 39.Bc4+ Kh8 40.Rxb8+ Bxb8 41.Qd1 Nxg3 42.Nxe4 fxe4
43.Qd8+ Kh7 44.Qh4+ Kg6 45.Qg4+ Kh6 46.Qh4+ Nh5 47.Bf7 exf3+  0-1

[Event "15th TCh-Eur Senior"]
[Site "Dresden GER"]
[Date "2013.07.22"]
[Round "3"]
[White "Kivipelto,KE"]
[Black "Haubt,G"]
[Result "1/2-1/2"]
[WhiteElo "2186"]
[BlackElo "2239"]

1.Nf3 d5 2.g3 Nc6 3.c4 dxc4 4.Qa4 Nf6 5.Qxc4 e5 6.d3 Bb4+ 7.Bd2 Bxd2+ 8.Nbxd2 O-O
9.Bg2 Be6 10.Qc1 Qd7 11.O-O Bh3 12.Re1 Bxg2 13.Kxg2 Rfe8 14.Qc4 Rac8 15.Rad1 Nd4
16.Ne4 Nd5 17.Nc5 Qc6 18.Ne4 Nc2 19.Qxc6 Nxe1+ 20.Rxe1 bxc6 21.Rc1 Rb8 22.b3 Rb6
23.Nc5 f6 24.Nd2 Ne7 25.Na4 Rbb8 26.Nc4 Red8 27.Na5 Rd6 28.Nc5 Kf7 29.Ne4 Rd7
30.Nxc6 Nxc6 31.Rxc6 Rb6 32.Rc4 Ke7 33.b4 f5 34.Nc3 Ra6 35.a4 Kd8 36.b5 Re6
37.Rc5 g6 38.Nd5 e4 39.d4 Red6 40.Nb4 Rxd4 41.Nc6+ Kc8 42.Nxd4 Rxd4 43.a5 Kd7
44.f3 Ra4 45.a6 exf3+ 46.Kxf3 Re4 47.h4 Re6 48.h5 Rb6 49.hxg6 hxg6 50.e4 Kd6
51.Rd5+ Ke6 52.Rc5  1/2-1/2

[Event "Czech Open B 2013"]
[Site "Pardubice CZE"]
[Date "2013.07.22"]
[Round "4.5"]
[White "Vorobyov,Y"]
[Black "Bengtsson,Je"]
[Result "1/2-1/2"]
[WhiteElo "2238"]
[BlackElo "1917"]

1.Nf3 d5 2.g3 Nf6 3.Bg2 e6 4.O-O Be7 5.c4 O-O 6.b3 c5 7.cxd5 Nxd5 8.d4 Nc6
9.Bb2 Bf6 10.e4 Ndb4 11.a3 Na6 12.e5 Be7 13.Nc3 cxd4 14.Nb5 Qb6 15.Nbxd4 Rd8
16.Qd3 Bd7 17.b4 Nxd4 18.Bxd4 Qb5 19.Qe3 Nc7 20.a4 Qxb4 21.Rfb1 Qa5 22.Rxb7 Nd5
23.Qd3 Bc6 24.Rbb1 Nb4 25.Qe2 Rab8 26.Bc3 Qa6 27.Qxa6 Nxa6 28.Nd4 Bxg2 29.Kxg2 Rxb1
30.Rxb1 Rb8 31.Rxb8+ Nxb8 32.f4 g6 33.g4 Nd7 34.Nc6 Bc5 35.Bd4 Bxd4 36.Nxd4 Nc5
37.a5 a6 38.Kf3 Kf8 39.Ke3  1/2-1/2

[Event "15th TCh-Eur Senior"]
[Site "Dresden GER"]
[Date "2013.07.23"]
[Round "4"]
[White "Theting,H"]
[Black "Biller,H"]
[Result "1-0"]
[WhiteElo "1990"]
[BlackElo "2098"]

1.Nf3 d5 2.g3 Nf6 3.Bg2 Bf5 4.O-O e6 5.d3 Be7 6.Nbd2 O-O 7.Qe1 h6 8.e4 Bh7
9.c3 c5 10.Qe2 Nc6 11.Re1 c4 12.dxc4 dxe4 13.Nd4 Nxd4 14.cxd4 Qxd4 15.Nb3 Qb6
16.Be3 Qc7 17.Nd2 Rfd8 18.Rac1 Rd7 19.Nb1 Rad8 20.Nc3 Bb4 21.Nb5 Qa5 22.Red1 a6
23.Rxd7 Rxd7 24.a3 axb5 25.axb4 Qxb4 26.cxb5 Bg6 27.Rc4 Qa5 28.g4 h5 29.g5 Nd5
30.Bd2 Qa1+ 31.Rc1 Qxb2 32.Bxe4 Qe5 33.Rc8+  1-0

[Event "15th TCh-Eur Senior"]
[Site "Dresden GER"]
[Date "2013.07.23"]
[Round "4"]
[White "Jorgensen,J"]
[Black "Huelsmann,J"]
[Result "1-0"]
[WhiteElo "2242"]
[BlackElo "2180"]

1.Nf3 d5 2.g3 c6 3.Bg2 Bg4 4.c4 e6 5.O-O Nd7 6.d4 Ngf6 7.b3 Be7 8.Nc3 O-O
9.Bb2 h6 10.Re1 Bb4 11.a3 Bxc3 12.Bxc3 a5 13.Nd2 b5 14.Qc1 Bf5 15.e4 dxe4
16.Nxe4 Bxe4 17.Bxe4 Nxe4 18.Rxe4 bxc4 19.bxc4 Nb6 20.Bd2 Qf6 21.Rb1 Qg6
22.f3 Rfb8 23.Bf4 Nd7 24.Bxb8 Rxb8 25.Rxb8+ Nxb8 26.d5 cxd5 27.cxd5 Nd7 28.Qc8+ Nf8
29.d6 f5 30.Rc4 Qf7 31.Kg2 Kh7 32.Rc7 Qf6 33.d7 Nxd7 34.Qxd7 Qb2+ 35.Kh3 Qe5
36.Qc6 Qe2 37.Qc3 e5 38.f4 Qf1+ 39.Kh4 Qd1 40.Rxg7+ Kxg7 41.Qxe5+ Kg6 42.Qe6+ Kg7
43.Qxf5 Qd2 44.Qe5+ Kf7 45.h3 Qd8+ 46.Kh5 Qd3 47.f5 Qxa3 48.Kxh6 Qf8+ 49.Kh5 Qe8
50.Qxa5 Kf6+ 51.Kh4 Qh8+ 52.Kg4 Qg8+ 53.Kf4 Qc4+ 54.Ke3 Qb3+ 55.Kf2 Qc2+
56.Ke1 Qe4+ 57.Kf2 Qc2+ 58.Ke3 Qb3+ 59.Kd4 Qxg3 60.Qd8+ Kxf5 61.Qf8+ Kg5
62.Qg7+ Kf4 63.Qf6+  1-0

[Event "15th TCh-Eur Senior"]
[Site "Dresden GER"]
[Date "2013.07.23"]
[Round "4"]
[White "Stuerzenbaum,A"]
[Black "Holscher,P"]
[Result "0-1"]
[WhiteElo "2156"]
[BlackElo "2085"]

1.Nf3 d5 2.g3 g6 3.Bg2 Bg7 4.d3 Nf6 5.O-O O-O 6.Nbd2 c6 7.e4 dxe4 8.dxe4 Na6
9.Qe2 h6 10.Rd1 Be6 11.h3 Qb6 12.Nb3 Rfd8 13.Be3 c5 14.Ne1 Nd7 15.Rab1 Rac8
16.Bd2 Bxb3 17.axb3 Ne5 18.Be3 Nc6 19.Rxd8+ Rxd8 20.Qc4 Qa5 21.Qa4 Qxa4 22.bxa4 b6
23.c3 Nc7 24.Kf1 Na5 25.Ke2 Nc4 26.Bc1 g5 27.f4 gxf4 28.gxf4 e5 29.Nd3 exf4
30.Nxf4 Ne5 31.Nd5 Ne6 32.Be3 Kh7 33.h4 Nc4 34.Bc1 Be5 35.Bh3 Nd6 36.Ne7 Bf6
37.Nd5 Bxh4 38.Be3 Bg5 39.Rf1 Kg7 40.Kf3 Nc4 41.Bc1 Bxc1 42.Rxc1 Ng5+  0-1

[Event "Maccabiah GM2 2013"]
[Site "Jerusalem ISR"]
[Date "2013.07.23"]
[Round "3.1"]
[White "Novik,Ma"]
[Black "Golod,V"]
[Result "0-1"]
[WhiteElo "2451"]
[BlackElo "2578"]

1.Nf3 d5 2.g3 c6 3.Bg2 Bg4 4.c4 Nd7 5.cxd5 cxd5 6.Nc3 e6 7.Qa4 Bxf3 8.Bxf3 Nf6
9.e4 d4 10.Qxd4 Bc5 11.Qc4 Ne5 12.Qb5+ Nfd7 13.Be2 a6 14.Qxb7 Bxf2+ 15.Kf1 Bb6  0-1

[Event "Maccabiah GM2 2013"]
[Site "Jerusalem ISR"]
[Date "2013.07.23"]
[Round "4.5"]
[White "Novik,Ma"]
[Black "Szuhanek,R"]
[Result "1-0"]
[WhiteElo "2451"]
[BlackElo "2519"]

1.Nf3 d5 2.g3 c6 3.Bg2 Bg4 4.c4 e6 5.cxd5 exd5 6.d3 Nf6 7.O-O Be7 8.Qb3 Qb6
9.Qc2 Nbd7 10.Nc3 Bxf3 11.Bxf3 d4 12.Ne4 Nxe4 13.Bxe4 O-O 14.Bd2 a5 15.Bf3 Ne5
16.Bg2 Bb4 17.Bc1 Rfe8 18.Rb1 Bf8 19.a3 h5 20.Bd2 Qb5 21.Rfc1 h4 22.Qd1 Ng4
23.h3 Ne5 24.g4 Bd6 25.b4 a4 26.f4 Nd7 27.Rc4 Qb6 28.Qf1 g5 29.fxg5 Ne5 30.Rcc1 Ng6
31.Be4 Qb5 32.Qf2 Qe5 33.Rf1 Re6 34.Qg2 Qg7 35.Rf5 Rf8 36.Rbf1 Be5 37.b5 Ne7
38.bxc6 bxc6 39.Bb4 Bd6 40.Bxd6 Rxd6 41.Rf6 Rdd8 42.Qf2 Qxg5 43.Rxf7 Rfe8
44.Qf6 Qxf6 45.R7xf6 Rb8 46.g5 Rb5 47.g6 Rg5+ 48.Kh2 Rc8 49.Rg1 Rxg1 50.Kxg1 Rc7
51.Rf7 Ra7 52.Kf2 c5 53.Bd5 Rd7 54.Be4  1-0

[Event "31st Andorra Open"]
[Site "La Massana AND"]
[Date "2013.07.23"]
[Round "4.14"]
[White "Demuth,A"]
[Black "Lillo Castay,V"]
[Result "1/2-1/2"]
[WhiteElo "2463"]
[BlackElo "2328"]

1.Nf3 d5 2.g3 Nf6 3.Bg2 Bf5 4.O-O e6 5.d3 Be7 6.Nbd2 h6 7.b3 O-O 8.Bb2 c5
9.c4 Nc6 10.cxd5 exd5 11.Rc1 Bd6 12.d4 cxd4 13.Nxd4 Nxd4 14.Bxd4 Ba3 15.Ra1 Rc8
16.Nb1 Bb4 17.a3 Ba5 18.b4 Bb6 19.Nc3 Bxd4 20.Qxd4 Rc4 21.Qd2 d4 22.Na4 b6
23.Rac1 Qc7 24.Nb2 Rc3 25.Na4 Rc4 26.Nb2 Rc3  1/2-1/2